| 000 | 00513nam a2200169Ia 4500 | ||
|---|---|---|---|
| 999 |
_c21813 _d21813 |
||
| 003 | OSt | ||
| 005 | 20200610115242.0 | ||
| 008 | 190216s9999||||xx |||||||||||||| ||und|| | ||
| 020 | _a9788130912219 | ||
| 040 | _coclc | ||
| 082 |
_a297.27 _bFUN/I |
||
| 100 |
_a Funk, Nathan C _92734 |
||
| 245 | 0 |
_aIslam And Peacemaking In The Middle East / _cNathan C Funk ; Abdul Aziz Said |
|
| 260 |
_bViva Book, _c2010. _aNew Delhi: |
||
| 300 | _a303p | ||
| 942 |
_cBK _2ddc _h297.27 _iFUN/I _k297.27 _mFUN/I |
||